Plats traditionnels français - Statistiques

Statistiques générales
  • Ce quiz a été pris 739 fois
  • Le résultat moyen est 13 sur 16
Statistiques - réponses
Par images Réponse % Correct
Raclette
97%
Quiche lorraine
95%
Huitres
94%
Tartiflette
94%
Cassoulet
92%
Choucroute
90%
Escargots
88%
Boeuf bourguignon
87%
Gratin dauphinois
86%
Hachis parmentier
86%
Pot au feu
81%
Ratatouille
81%
Blanquette de veau
77%
Cuisses de grenouilles
69%
Steak tartare
60%
Coq au vin
23%
Aucun quiz correspondant
Distribution des résultats
% des personnes avec chaque résultat
Percentile par nombre de réponses
Votre historique - résultats
Vous n’avez pas pris ce quiz